| 000 | 01106nam a22001817a 4500 | ||
|---|---|---|---|
| 003 | JO-AjAnu | ||
| 005 | 20240626130827.0 | ||
| 008 | 231211b jo ||||| |||| 00| 0 ara d | ||
| 040 |
_bara _cJO-AjAnu _dANU |
||
| 100 |
_aالصلاحات، احمد محمد يوسف _964927 _eمعد |
||
| 245 |
_aأثر ممارسات إدارة الموارد البشرية الخضراء على التنمية المستدامة : دراسة تطبيقية على جامعة البلقاء التطبيقية = The Impact of Green Human Resource Management Practices on Sustainable Development : An Applied Study on Al-Balqa Applied University / _cاعداد احمد محمد يوسف الصلاحات ؛ اشراف هشام علي شطناوي |
||
| 260 | _c2023 | ||
| 300 | _a111 ورقه | ||
| 500 | _aرساله جامعية (ماجستير) - جامعة عجلون الوطنية، 2023 تحتوي على جداول توضيحية | ||
| 650 | _vادارة الموارد البشرية-التنمية المستدامة | ||
| 700 |
_aهشام علي الشطناوي _964931 _eمشرف |
||
| 942 |
_2lcc _cTHS _n0 |
||
| 999 |
_c33277 _d33277 |
||